Real estate finance

Bibliographic Details
Main Authors: Dasso, Jerome J. (Author), Kuhn, Gerald (Author)
Format: Book
Language:English
Published: Englewood Cliffs, N.J. : Prentice Hall 1983
Subjects:

MARC

LEADER 00000cam a2200000 7i4500
001 0000002365
005 20240925.0
008 991129 nju a eng
020 |a 0137627572 
040 |a INS   |b eng   |e rda 
090 0 0 |a HD7293.Z9   |b D37 1983 
100 1 |a Dasso, Jerome J. ,   |e author 
245 1 0 |a Real estate finance   |c Jerome Dasso and Gerald Kuhn 
264 1 |a Englewood Cliffs, N.J. :   |b Prentice Hall   |c 1983 
300 |a xiv, 514 pages :   |b illustrations ;   |c 24 cm. 
336 |a text  |2 rdacontent 
337 |a unmediated  |2 rdamedia 
338 |a volume  |2 rdacarrier 
500 |a Includes index 
650 0 |a Housing   |z United States   |x Finance 
650 0 |a Mortgage   |z United States 
650 0 |a Real estate business   |z United States 
650 0 |a Real property   |z United States 
700 1 |a Kuhn, Gerald ,   |e author 
999 |a 0000000714   |b BOOK   |c Open Shelf   |e Default branch